000
00305nam a2200133Ia 4500
008
190723s9999 xx 000 0 und d
020
_a
978-93-528-65284
100
_a
Warren J. Keegan
245
0
_a
Global Marketing
250
_a
9th
260
_a
India
_b
Pearson
_c
2018
300
_a
624.:p
942
_c
BK
999
_c
1815
_d
1815